| 000 | 00365cam a2200145ua 4500 | ||
|---|---|---|---|
| 041 |
_aeng _h |
||
| 082 |
_a821 _bWIL/PO |
||
| 100 | _aWilkinson, C H . | ||
| 245 | 0 | 0 |
_aPoems of Richard Lovelace / _cC H Wilkinson. _hTextual Documents |
| 260 |
_aLondon : _bOxford University Press , _c1963. |
||
| 300 | _a367 ; . | ||
| 504 | _a | ||
| 942 | _cBK | ||
| 999 |
_c8303 _d8303 |
||